000 02367cam a2200433Ia 4500
001 95132
005 20230410142342.0
008 090812s2009 ag b 001 0 spa d
010 _a2013373335
035 _a(OCoLC)ocn430195873
040 _aAZS
_cAZS
_dIXA
020 _a9875742961
020 _a9789875742963
035 _a(OCoLC)430195873
043 _as-ag---
050 1 4 _aBX 1462.3
_bR382 2009
049 _aGRAL
245 0 0 _aReligión, política y sociedad :
_bpujas y transformaciones en la historia argentina reciente /
_cAldo Ameigeiras, José Pablo Martín, editores.
260 _aBuenos Aires:
_bUniversidad Nacional de General Sarmiento;
_bPrometeo Libros,
_c2009 c2008
300 _a219 p. ;
_c22 cm.
440 0 _aColección Comunicación y Crítica Cultural
504 _aIncludes bibliographical references and index
505 0 _aCuentapropismo religioso / por Fortunato Mallimaci -- Pluralización del campo religioso y crisis institucional en Buenos Aires y periferia / por Verónica Giménez Béliveau -- La construcción de identidades personales y colectivas en movimientos religiosos : el caso de la Umbanda en la Argentina / por Alejandro Frigerio -- Catolicismo y globalización / por Abelardo Jorge Soneira -- Religión y democracia : sistemas de ideas en las expresiones públicas de la Iglesia Católica durante el gobierno de Alfonsín, 1983-1989 / por José Pablo Martín --- La presencia pública de la Iglesia Católica durante los gobiernos de Carlos Menem, 1989-1999 / por Dr. Juan Cruz Esquivel -- La participación de la Iglesia Católica en la mesa del diálogo argentino / por Aldo Ameigeiras
610 2 0 _aCatholic Church
_zArgentina.
650 0 _aReligion and politics
_zArgentina.
650 0 _aChurch and state
_zArgentina.
651 0 _aArgentina
_xPolitics and government
_y2002-
610 2 0 _aIglesia católica
_zArgentina
650 0 _aReligión y política
_zArgentina
650 0 _aIglesia y estado
_zArgentina
651 4 _aArgentina
_xPolítica y gobierno
_y2002
700 1 _aAmeigeiras, Aldo.
_eeditor of compilation
700 1 _aMartín, José Pablo.
700 1 2 _aMallimaci, Fortunato,
_eauthor.
_tCuentapropismo religioso
856 4 1 _3Table of contents only |u http://www.loc.gov/catdir/toc/fy14pdf03/2013373335.html
942 _2lcc
_cbk
994 _aC0
_bDRFGD
946 _almm
999 _c94103
_d94103